| 000 | 005700000a22001810004500 | ||
|---|---|---|---|
| 003 | MACL | ||
| 005 | 20160413163317.0 | ||
| 008 | 160413b xxu||||| |||| 00| 0 eng d | ||
| 040 |
_aMACL _cMACL |
||
| 041 | _aHindi | ||
| 082 | _a610 | ||
| 100 |
_aकोंग्ंद तम्मु अच्चया _952310 |
||
| 245 | _aहम और हमारा आहार | ||
| 260 |
_bनेशनल बुक ट्रस्ट इंडिया _c1976 _aदिल्ली |
||
| 350 | _a4.75 | ||
| 650 |
_aFood & Drink _96928 |
||
| 942 |
_cHIN _k610 _2ddc |
||
| 999 |
_c21762 _d21762 |
||